00771nam a22002177a 4500001000500000005001700005020001800022040002400040050001500064082001000079100001400089245005500103250004500158260003700203300005900240505000800299520018300307521002000490521002000510650002300530335920240304102046.0 a9780590469883 aDLCcDLCeamimbeng00aPE1449.A53 a428.1 aCatherine00aAll about you /cby Catherine and Laurence Anbolt  aFirst published in Great Britain in 1991 aNew York : c1991bScholastic ,  a30 unumbered pages : bcolor illustrations ;c26 cm .  aG  aWhen you wake up in the morning, how do you feel? Happy, tired, sad? Noisy, quiet, glad? This book invites very young children to think and talk about themselves and their world. a370 bLexile  aG bRaz-Plus  afeelingsvFiction